| 000 | 00500nam a22001937a 4500 | ||
|---|---|---|---|
| 003 | LK-CoMWRAF | ||
| 005 | 20231120124557.0 | ||
| 008 | 231118b1980 |||||||| |||| 00| 0 eng d | ||
| 020 | _a0333903560 | ||
| 040 |
_aLK-CoMWRAF _dLK-CoMWRAF _eLK-CoMWRAF |
||
| 041 | _aeng | ||
| 082 |
_a891.4 _bTAG |
||
| 100 | _aTagore, Rabindranath | ||
| 245 |
_aPersonality: _b lectures delivered in America |
||
| 260 |
_aNew delhi: _bMacmillan, _c1980 |
||
| 300 | _a184 p. ; 18 cm. | ||
| 650 | _aESSAYS | ||
| 942 | _cBK | ||
| 999 |
_c4129 _d4129 |
||